| 000 | 00786cam a22002411 4500 | ||
|---|---|---|---|
| 001 | sa 66004220 | ||
| 003 | DLC | ||
| 005 | 20260227112241.0 | ||
| 008 | 740919s1964 ii c b 000 0 eng | ||
| 010 | _asa 66004220 | ||
| 025 | _aPL480:I-E-5686 | ||
| 035 | _a(OCoLC)1015355 | ||
| 040 |
_aDLC _cOTU _dOCoLC _dDLC |
||
| 042 | _apremarc | ||
| 050 | 0 | 0 |
_aJQ211 _b.A57 |
| 100 | 1 | _aAggarwala, R. C. | |
| 245 | 1 | 0 |
_aConstitutional history of India and national movement, _bincluding the comparative study of the modern Indian Constitution, _cby R.C. Aggarwala. |
| 260 |
_aDelhi, _bS. Chand, _c1964. |
||
| 300 |
_aiv, 342, 154 p. _bports. _c23 cm. |
||
| 504 | _aBibliography: p. [151]-154 (at end) | ||
| 651 | 0 |
_aIndia _xPolitics and government. |
|
| 650 | 0 |
_aConstitutional history _zIndia. |
|
| 999 |
_c69289 _d69289 |
||